Statistics for Animal Themed Marvel Characters

Click here to take the quiz!

General Stats

  • This quiz has been taken 31 times
  • The average score is 22 of 71

Answer Stats

Alter EgoMarvel Character Name% Correct
Scott LangAnt-Man
100%
Peter ParkerSpider-Man
100%
Hope VanDyneWasp
100%
T'ChallaBlack Panther
96%
Dr. Otto OctaviusDoctor Octopus
96%
Sam WilsonFalcon
96%
Clint BartonHawkeye
96%
Natasha RomanovaBlack Widow
88%
James "Logan" HowlettWolverine
85%
Dr. Curtis "Curt" ConnorsLizard
81%
Adrian ToomesVulture
77%
Darren CrossYellowjacket
77%
Jessica DrewSpider-Woman
73%
Felicia HardyBlack Cat
69%
Aleksei SytsevichRhino
58%
Mac GarganScorpion
58%
Victor CreedSabretooth
50%
Barbara "Bobbi" MorseMockingbird
46%
Eros of TitanStarfox
38%
Kitty PrydeShadowcat
35%
Patsy WalkerHellcat
31%
Doreen Allene GreenSquirrel Girl
31%
Mortimer ToynbeeToad
31%
Ava AyalaWhite Tiger
31%
Miles WarrenJackal
27%
John JamesonMan-Wolf
23%
Stakar of the House of OgordStarhawk
23%
HunterWhite Wolf
23%
Antonio RodriguezArmadillo
19%
Abner JenkinsBeetle
19%
Dmitri SmerdyakovChameleon
19%
Christopher PowellDarkhawk
19%
Klaus VoorheesKing Cobra
19%
Dr. Walter LangkowskiSasquatch
19%
Silvija SablinovaSilver Sable
19%
Greer Grant NelsonTigra
19%
Cleo NefertitiAsp
15%
Ace FentonGrizzly
15%
Heather DouglasMoondragon
15%
Jack RussellWerewolf By Night
15%
Carlos LaMuertoBlack Tarantula
12%
Bonita JuarezFirebird
12%
Martin BlankGibbon
12%
Frank OliverKangaroo
12%
Thomas FireheartPuma
12%
Walter NewellStingray
12%
Anton Miguel RodriguezTarantula
12%
Paul CartierWendigo
12%
Rahne SinclairWolfsbane
12%
Frank PayneConstrictor
8%
Cal'syee Neramani-SummersDeathbird
8%
Rachel LeightonDiamondback
8%
Edward LavellEel
8%
Richard DeaconHuman Fly
8%
Alexander GentryPorcupine
8%
Zelda DuBoisPrincess Python
8%
Humberto LopezReptil
8%
Neal ShaaraThunderbird
8%
Todd ArlissTiger Shark
8%
Jordan StrykeViper
8%
Lorina DodsonWhite Rabbit
8%
Blanche SitznskiAnaconda
4%
Tanya SealyBlack Mamba
4%
Veronica DultryDragon Fly
4%
Sybil DvorakGypsy Moth
4%
JaphethMaggott
4%
William TaurensMan-Bull
4%
William TurnerMindworm
4%
William TalltreesRed Wolf
4%
Lorna Leigh RaeburnSnapdragon
4%
Milos MasarykUnicorn
4%

Score Distribution

Percentile by Number Answered

Percent of People with Each Score

Your Score History

You have not taken this quiz